000 00494nam a22002051 4500
001 3118042
005 20180213075650.0
008 731207s1967 nyu 000 0 eng
010 _a 67030426
040 _aDLC
_cDLC
_dDLC
041 _aeng
043 _an-us---
080 _a338.973 LAN
082 0 0 _a338.973 LAN
100 1 _a53
101 _aMEN
245 1 0 _aWar on poverty,
_cedited by Louise Lander.
906 _a7
_bcbc
_corignew
_du
_eocip
_f19
_gy-gencatlg
942 _2ddc
_cBK
999 _c42398
_d42398